Heterosexual women changing the family : Refusing to be a "wife"!
Αποθηκεύτηκε σε:
| Κύριος συγγραφέας: | |
|---|---|
| Μορφή: | Βιβλίο |
| Γλώσσα: | English |
| Δημοσίευση: |
London :
Taylor & Francis,
c1995
|
| Σειρά: | Feminist perspectives on the past and present
|
| Θέματα: | |
| Ετικέτες: |
Προσθήκη ετικέτας
Δεν υπάρχουν, Καταχωρήστε ετικέτα πρώτοι!
|
MARC
| LEADER | 00000nam a2200000 i 4500 | ||
|---|---|---|---|
| 001 | 1/26188 | ||
| 008 | 981214s1995 eng d | ||
| 020 | |a 0-7484-0284-5 | ||
| 035 | |l 10037520 | ||
| 040 | |a GR-MY-UA |b gre |e aacr | ||
| 041 | 0 | |a eng | |
| 082 | 0 | |a 305.42 | |
| 100 | 1 | |a VanEvery, Jo. | |
| 245 | 1 | 0 | |a Heterosexual women changing the family : |b Refusing to be a "wife"! / |c Jo VanEvery |
| 260 | |a London : |b Taylor & Francis, |c c1995 | ||
| 300 | |a 165 p. |b tabl. | ||
| 490 | 1 | |a Feminist perspectives on the past and present | |
| 504 | |a Includes bibliographical references and index | ||
| 650 | 0 | 0 | |a Women |z United States |x Psychology. |
| 650 | 0 | 0 | |a Marriage |z United States. |
| 650 | 0 | 0 | |a Unmarried couples |z United States. |
| 650 | 0 | 0 | |a Sex role |z United States. |
| 650 | 0 | 0 | |a Single mothers |z United States. |
| 830 | 0 | |a Feminist perspectives on the past and present | |
| 852 | |a INST |b LESVOS |e 19981214 |h 305.42 VAN |p 005100017305 |q 005100017305 |t BK |y 0 | ||
| 901 | |a BIBL-1999-1 | ||
| 909 | |a Λ |b 061087 | ||
| 922 | |a 1ΕΛΗ |b 199811 |c ΚΠΣ/ΤΚ |d ΠΑΠΑΣΩΤΗΡΙΟΥ | ||
| 950 | |a 103-1998-07-27 | ||